| 000 | 00558nam a22001937a 4500 | ||
|---|---|---|---|
| 999 |
_c2961 _d2961 |
||
| 003 | AR-CdUCM | ||
| 008 | 190305b ||||| |||| 00| 0 spa d | ||
| 040 |
_aMUNICIPALIDAD PROVINCIAL DEL CUSCO _cBIBLIOTECA MUNICIPAL DEL CUSCO |
||
| 082 |
_a869.56 / _bR74 |
||
| 100 |
_aRodriguez, Cesar Atahuallpa _910145 |
||
| 245 | _aNueva poesía / | ||
| 260 |
_aArequipa : _bHozega, _c1966. |
||
| 300 |
_a16 páginas ; _c15.5 cm. |
||
| 500 | _aDonacion Familia Nieto | ||
| 650 |
_aPoesía peruana _9806 |
||
| 650 |
_aSiglo XX _98 |
||
| 942 |
_2ddc _cLIBROS |
||
| 945 | _aafb | ||